| 000 | 00749cam a22002531 4500 | ||
|---|---|---|---|
| 999 |
_c4137 _d4137 |
||
| 001 | 6119388 | ||
| 003 | GBCCL | ||
| 005 | 20241126110511.0 | ||
| 008 | 760921s1965 vau 000 0 eng | ||
| 010 | _a 65010428 | ||
| 035 | _a(OCoLC)2454255 | ||
| 040 |
_aDLC _cOTifH _dOTifH _dOCoLC _dDLC |
||
| 042 | _apremarc | ||
| 050 | 0 | 0 |
_aBS1505.5 _b.C6 |
| 082 |
_a224.06 _bCOR |
||
| 100 | 1 |
_aCorbett, J. Elliott _q(Jack Elliott), _d1920- _97899 |
|
| 245 | 1 | 4 |
_aThe prophets on Main Street _c[by] J. Elliott Corbett. |
| 260 |
_aRichmond, _bJohn Knox Press _c[c1965] |
||
| 300 |
_a155, [5] p. _c21 cm. |
||
| 504 | _aBibliography: p. [159] | ||
| 630 | 0 | 0 |
_aBible. _pProphets. _97900 |
| 906 |
_a7 _bcbc _coclcrpl _du _encip _f19 _gy-gencatlg |
||
| 942 |
_2ddc _cBK _010 |
||